000 00728nam a2200253Ia 4500
003 OSt
005 20220918195312.0
006 a|||||r|||| 00| 0
007 ta
008 220917b |||||||| |||| 00| 0 eng d
024 _a84,526
037 _cTextual
040 _aARTS
_cARTS
_beng
041 _2eng
_aeng
082 _aS8, M6
100 _aGraumann carl F ed
_989966
245 0 _aChanging conceptions of crowd mind and behaviour
260 _aN.Y
_bSpringer Verlag
_c1986
490 _aSpringer series in social psychology
650 _aSOCIAL PSYCHOLOGY
700 _a Moscovici Serge ed
_983238
942 _hS8, M6
_cTEXL
_2CC
999 _c208240
_d208240